000 00266nam a22001217a 4500
008 180924b xxu||||| |||| 00| 0 eng d
041 _aeng
080 _a510
100 _a37
101 _aMAT
245 _aMathematics for the Million
_cHogben, L
942 _2udc
_cBK
999 _c48379
_d48379